ՀՀ Գիտությունների ազգային ակադեմիայի հիմնարար գիտական գրադարան  =   Fundamental Scientific Library of NAS RA

Приключения Вернера Хольта : (Record no. 299397)

MARC details
000 -LEADER
fixed length control field 00739nam a2200205 a 4500
001 - CONTROL NUMBER
control field 000830698
003 - CONTROL NUMBER IDENTIFIER
control field AM-YeHGA
005 - DATE AND TIME OF LATEST TRANSACTION
control field 20250617144716.0
008 - FIXED-LENGTH DATA ELEMENTS--GENERAL INFORMATION
fixed length control field 110909s1984 mv r 000 0 rus d
040 ## - CATALOGING SOURCE
Original cataloging agency AM-YeHGA
041 1# - LANGUAGE CODE
Language code of text/sound track or separate title rus
Language code of original ger
090 ## - LOCALLY ASSIGNED LC-TYPE CALL NUMBER (OCLC); LOCAL CALL NUMBER (RLIN)
-- 301093
100 1# - MAIN ENTRY--PERSONAL NAME
Personal name Нолль, Дитер
Dates associated with a name 1927-
245 10 - TITLE STATEMENT
Title Приключения Вернера Хольта :
Remainder of title Роман /
Statement of responsibility, etc. Д. Нолль ; Пер. с нем. Р. Гальпериной, В. Курелла.
260 ## - PUBLICATION, DISTRIBUTION, ETC.
Place of publication, distribution, etc. Кишинев :
Name of publisher, distributor, etc. Литература артистикэ,
Date of publication, distribution, etc. 1984.
300 ## - PHYSICAL DESCRIPTION
Extent 720 .
653 0# - INDEX TERM--UNCONTROLLED
Uncontrolled term Немецкая литература - 20 в
700 1# - ADDED ENTRY--PERSONAL NAME
Personal name Гальперина, Р
Relator term пер.
Relationship trl
700 1# - ADDED ENTRY--PERSONAL NAME
Personal name Курелла, В
Relator term пер.
Relationship trl
Holdings
Withdrawn status Lost status Damaged status Not for loan Collection Home library Current library Date acquired Total checkouts Full call number Barcode Date last seen Price effective from Koha item type Public note
        General Fundamental Scientific Library Fundamental Scientific Library 09/01/2017   PII/516468 FL0203293 09/01/2017 09/01/2017 Գրքեր / Books 30 Days Loan


ՀՀ ԳԱԱ հիմնարար գիտական գրադարան
ՀՀ,Երևան 0019
Մարշալ Բաղրամյան 24/6
հեռախոս:(374-10) 52-47-50
Հետադարձ կապ

All site content, except where otherwise noted, is licensed under a
Creative Commons License